Geography Tile Select - Middle East - Statistics

General Stats
  • This quiz has been taken 25 times
  • The average score is 39 of 45
Answer Stats
Question Tile Select % Correct
cities in the Middle East Beijing No
100%
cities in the Middle East Budapest No
96%
cities in the Middle East Casablanca No
96%
cities in the Middle East Dubai Yes
96%
cities in the Middle East Jakarta No
96%
cities in the Middle East Tehran Yes
96%
cities in Turkey Amman No
92%
national capitals in the Middle East Athens No
92%
countries in the Middle East Belize No
92%
countries in the Middle East Bulgaria No
92%
national capitals in the Middle East Doha Yes
92%
countries in the Middle East Eritrea No
92%
countries in the Middle East India No
92%
cities in Turkey Istanbul Yes
92%
lakes in the Middle East Lake Michigan No
92%
lakes in the Middle East Lake Nicaragua No
92%
cities in Turkey Mecca No
92%
cities in Turkey Muscat No
92%
national capitals in the Middle East New Delhi No
92%
countries in the Middle East Oman Yes
92%
national capitals in the Middle East Ottawa No
92%
countries in the Middle East Saudi Arabia Yes
92%
countries in the Middle East Syria Yes
92%
countries in the Middle East Yemen Yes
92%
cities in Turkey Ankara Yes
88%
cities in Turkey Damascus No
88%
national capitals in the Middle East Damascus Yes
88%
cities in the Middle East Kuwait City Yes
88%
lakes in the Middle East Lake Huron No
88%
national capitals in the Middle East Tehran Yes
88%
cities in the Middle East Cairo Yes
83%
cities in Turkey Kabul No
83%
lakes in the Middle East Lake Baikal No
83%
cities in Turkey izmir Yes
79%
national capitals in the Middle East Khartoum No
79%
countries in the Middle East Pakistan No
79%
national capitals in the Middle East Ankara Yes
75%
cities in Turkey Batman Yes
75%
lakes in the Middle East Lake Assad Yes
75%
lakes in the Middle East Lake Ladoga No
75%
national capitals in the Middle East Dubai No
71%
lakes in the Middle East Sea of Galilee Yes
71%
lakes in the Middle East Lake Urmia Yes
67%
cities in the Middle East Ankara Yes
63%
lakes in the Middle East Lake Van Yes
42%
No matching quizzes found
Score Distribution
Percent of People with Each Score
Percentile by Number Answered
Your Score History
You have not taken this quiz